|
|
|
|
| LEADER |
00000cam a22000004a 4500 |
| 001 |
musev2_37619 |
| 003 |
MdBmJHUP |
| 005 |
20230905043941.0 |
| 006 |
m o d |
| 007 |
cr||||||||nn|n |
| 008 |
100318s1984 kyu o 00 0 eng d |
| 020 |
|
|
|a 9780813164076
|
| 020 |
|
|
|z 9780813183473
|
| 020 |
|
|
|z 9780813154091
|
| 035 |
|
|
|a (OCoLC)563204929
|
| 040 |
|
|
|a MdBmJHUP
|c MdBmJHUP
|
| 100 |
1 |
|
|a Nussbaum, Felicity.
|
| 245 |
1 |
4 |
|a The Brink of All We Hate :
|b English Satires on Women, 1660-1750 /
|c Felicity A. Nussbaum.
|
| 264 |
|
1 |
|a Lexington, KY :
|b University Press of Kentucky,
|c 1984.
|
| 264 |
|
3 |
|a Baltimore, Md. :
|b Project MUSE,
|c 2016
|
| 264 |
|
4 |
|c ©1984.
|
| 300 |
|
|
|a 1 online resource (200 pages).
|
| 336 |
|
|
|a text
|b txt
|2 rdacontent
|
| 337 |
|
|
|a computer
|b c
|2 rdamedia
|
| 338 |
|
|
|a online resource
|b cr
|2 rdacarrier
|
| 505 |
0 |
0 |
|t Rhyming women dead: Restoration satires on women --
|t The better women: the amazon myth and Hudibras --
|t "That lost thing, love": women and impotence in Rochester's poetry --
|t Rara avis in terris: translations of Juvenal's sixth satire --
|t "The sex's flight": women and time in Swift's poetry --
|t Enemies and enviers: minor eighteenth-century satires --
|t "The glory, jest, and riddle of the town": women in Pope's poetry.
|
| 520 |
|
|
|a Examining the elements of the tradition of antifeminist satire in the Restoration and eighteenth century, and exploring its uses, Nussbaum reveals a clearer context in which many poems of the period will be read anew.
|
| 588 |
|
|
|a Description based on print version record.
|
| 650 |
1 |
7 |
|a Satires.
|2 gtt
|
| 650 |
1 |
7 |
|a Engels.
|2 gtt
|
| 650 |
1 |
7 |
|a Vrouwen.
|2 gtt
|
| 650 |
|
7 |
|a Women in literature.
|2 fast
|0 (OCoLC)fst01177912
|
| 650 |
|
7 |
|a Satire, English.
|2 fast
|0 (OCoLC)fst01105706
|
| 650 |
|
7 |
|a English literature
|x Early modern.
|2 fast
|0 (OCoLC)fst01710960
|
| 650 |
|
7 |
|a English literature.
|2 fast
|0 (OCoLC)fst00911989
|
| 650 |
|
7 |
|a LITERARY CRITICISM
|x European
|x English, Irish, Scottish, Welsh.
|2 bisacsh
|
| 650 |
|
6 |
|a Satire anglaise
|x Histoire et critique.
|
| 650 |
|
6 |
|a Litterature anglaise
|y 17e siecle
|x Histoire et critique.
|
| 650 |
|
6 |
|a Litterature anglaise
|y 18e siecle
|x Histoire et critique.
|
| 650 |
|
6 |
|a Femmes dans la litterature.
|
| 650 |
|
0 |
|a Satire, English
|x History and criticism.
|
| 650 |
|
0 |
|a English literature
|y Early modern, 1500-1700
|x History and criticism.
|
| 650 |
|
0 |
|a English literature
|y 18th century
|x History and criticism.
|
| 650 |
|
0 |
|a Women in literature.
|
| 655 |
|
7 |
|a Criticism, interpretation, etc.
|2 fast
|0 (OCoLC)fst01411635
|
| 655 |
|
7 |
|a Electronic books.
|2 local
|
| 710 |
2 |
|
|a Project Muse.
|e distributor
|
| 830 |
|
0 |
|a Book collections on Project MUSE.
|
| 856 |
4 |
0 |
|z Texto completo
|u https://projectmuse.uam.elogim.com/book/37619/
|
| 945 |
|
|
|a Project MUSE - Custom Collection
|
| 945 |
|
|
|a Project MUSE - Archive Complete Supplement IV
|
| 945 |
|
|
|a Project MUSE - Archive Literature Supplement IV
|